[Event "Karpos Open 2013"]
[Site "Skopje MKD"]
[Date "2013.03.13"]
[Round "6.11"]
[White "Markus,Rob"]
[Black "Dastan,B"]
[Result "1/2-1/2"]
[WhiteElo "2605"]
[BlackElo "2371"]

1.d4 d5 2.c4 c6 3.Nf3 Nf6 4.e3 e6 5.Nc3 Nbd7 6.Bd3 dxc4 7.Bxc4 b5 8.Bd3 Bb7
9.O-O a6 10.a4 b4 11.Nb1 c5 12.Qe2 Be7 13.Nbd2 O-O 14.a5 Qb8 15.Rd1 Rd8 16.Nc4 Be4
17.b3 Qb7 18.Bb2 Rac8 19.Ne1 Qb5 20.Rac1 Rb8 21.Rc2 cxd4 22.Bxd4 Nc5 23.Bxc5 Bxc5
24.Ne5 Bxd3 25.N1xd3 Rdc8 26.Rdc1 Ne4 27.Qf3 f5 28.g4 Nc3 29.gxf5 Bd6 30.Nc4 Rxc4
31.bxc4 Qxc4 32.e4 exf5 33.e5 Be7 34.Kg2 Rd8 35.Nxb4 Bxb4 36.Rxc3 Bxc3 37.Rxc3 Qe6
38.Rc6 Qxe5 39.Rxa6 Qd5 40.h4 Kf7 41.Qxd5+ Rxd5 42.Kg3 Rd4 43.f3 Ra4 44.h5 Ke7
45.Ra7+ Kf6 46.a6 h6 47.f4 Ra3+ 48.Kg2 g6 49.Rh7 Rxa6 50.Rxh6 Kg7  1/2-1/2

[Event "83rd ch-URU 2013"]
[Site "Montevideo URU"]
[Date "2013.03.14"]
[Round "5.2"]
[White "Roselli Mailhe,B"]
[Black "Sanguinetti,L"]
[Result "0-1"]
[WhiteElo "2443"]
[BlackElo "2245"]

1.d4 d5 2.c4 c6 3.Nf3 Nf6 4.e3 e6 5.Nc3 Bd6 6.Qc2 Nbd7 7.Be2 O-O 8.O-O dxc4
9.Bxc4 e5 10.h3 Qe7 11.Bb3 h6 12.Nh4 Re8 13.Nf5 Qf8 14.Rd1 e4 15.Nxd6 Qxd6
16.d5 Qe5 17.dxc6 bxc6 18.Na4 Qh5 19.Bc4 Ne5 20.Bf1 Bxh3 21.f4 Bg4 22.Rd4 Ng6
23.Nc3 Rad8 24.Qf2 Nh4 25.Ne2 Nf5 26.Ng3 Nxg3 27.Qxg3 Be2 28.Bd2 Bxf1 29.Rxf1 Rxd4
30.exd4 Nd5 31.Re1 Qf5 32.Be3 Nxe3 33.Qxe3 Qd5 34.b3 f5 35.Rc1 Rd8 36.Rc4 Rd7
37.Kf2 g5 38.fxg5 f4 39.Qh3 hxg5 40.Ke2 f3+ 41.Ke3 Rf7 42.Rc5 f2 43.Rxd5 cxd5
44.Qh6 f1=Q 45.Qxg5+ Kh8 46.Qd8+ Kh7 47.Qh4+ Kg6 48.Qg3+ Kf5 49.Qh3+ Kf6
50.Qh8+ Kg6 51.Qg8+ Kh6 52.Qg3 Qd3+  0-1

[Event "Karpos Open 2013"]
[Site "Skopje MKD"]
[Date "2013.03.14"]
[Round "7.16"]
[White "Kohlweyer,B"]
[Black "Malakhatko,V"]
[Result "1/2-1/2"]
[WhiteElo "2458"]
[BlackElo "2571"]

1.d4 d5 2.c4 c6 3.e3 Nf6 4.Nc3 e6 5.Nf3 a6 6.Qc2 c5 7.cxd5 exd5 8.Be2 Be6
9.O-O Nc6 10.Rd1 Nb4 11.Qd2 Ne4 12.Nxe4 dxe4 13.a3 exf3 14.Bxf3 Nc6 15.d5 Ne5  1/2-1/2

[Event "Karpos Open 2013"]
[Site "Skopje MKD"]
[Date "2013.03.15"]
[Round "8.29"]
[White "Raznikov,D"]
[Black "Zawadzka,J"]
[Result "1/2-1/2"]
[WhiteElo "2474"]
[BlackElo "2374"]

1.d4 d5 2.c4 c6 3.Nc3 Nf6 4.e3 e6 5.Nf3 Nbd7 6.Qc2 Bd6 7.Bd3 O-O 8.O-O dxc4
9.Bxc4 e5 10.h3 h6 11.Bb3 Re8 12.Bd2 Qe7 13.Rad1 e4 14.Nh4 Nf8 15.f3 Nd5
16.fxe4 Qxh4 17.exd5 Qg3 18.Rf3 Qh2+ 19.Kf2 Ng6 20.Rg1 Nh4 21.Qd1 c5 22.dxc5 Nxf3
23.Qxf3 Re5 24.Bc2 Bxc5 25.Ne2 Bd6 26.e4 Re7 27.Ng3 Bxh3 28.Nf1 Bc5+ 29.Be3 Bxe3+
30.Qxe3 Qe5 31.gxh3 Qxb2 32.Qb3 Qd4+ 33.Qe3 Qb2 34.Qb3 Qd4+ 35.Ne3 Rc8 36.Qd3 Qf6+
37.Ke2 Qe5 38.d6 Rd7 39.Ng4 Qb2 40.Ne3  1/2-1/2

[Event "86th ch-St Petersburg"]
[Site "St Petersburg RUS"]
[Date "2013.03.15"]
[Round "5.1"]
[White "Goganov,A"]
[Black "Martynov,P2"]
[Result "1/2-1/2"]
[WhiteElo "2556"]
[BlackElo "2339"]

1.d4 d5 2.c4 c6 3.Nc3 Nf6 4.e3 e6 5.Nf3 a6 6.Bd3 dxc4 7.Bxc4 b5 8.Be2 Bb7
9.O-O c5 10.dxc5 Bxc5 11.Qxd8+ Kxd8 12.Nd2 Bd6 13.Nb3 Nc6 14.a4 b4 15.Nb1 Ne4
16.N1d2 Nxd2 17.Bxd2 Ke7 18.Rfc1 Rhd8 19.Be1 a5 20.Nc5 Bxc5 21.Rxc5 f6 22.f4 Rd5
23.Rc2 Rd6 24.Rac1 Nd8 25.Rc7+ Kf8 26.R1c5 Bc6 27.b3 Bd5 28.Rxa5 Rxa5 29.Bxb4 Nb7
30.Rd7 Ra8 31.Rxb7 Bxb7 32.Bxd6+ Ke8 33.Bb5+ Kd8 34.b4 Rc8 35.Bc5 Bc6 36.Bc4 Bxa4
37.Bxe6 Bd7 38.Bg8 h6 39.e4 Kc7 40.Bf7 Be8 41.Bc4 Rd8 42.Bd5 Bc6 43.Bxc6 Kxc6
44.Kf2 Rd2+ 45.Kf3 Rb2 46.f5 Kd7 47.h3 Ke8 48.g3 h5 49.h4 Kf7 50.Kf4 Rb1
51.Bd6 Rd1 52.Bc5 Rb1 53.Ke3 Ke8 54.Bd6 Rd1 55.Bc5  1/2-1/2

[Event "30th Ciocaltea Mem 2013"]
[Site "Bucharest ROU"]
[Date "2013.03.16"]
[Round "2.5"]
[White "Manolache,M"]
[Black "Tarlev,K"]
[Result "0-1"]
[WhiteElo "2533"]
[BlackElo "2540"]

1.d4 d5 2.Nf3 c6 3.c4 Nf6 4.e3 e6 5.Nc3 Nbd7 6.Qc2 Bd6 7.h3 O-O 8.Bd3 Qe7
9.Bd2 Re8 10.O-O-O dxc4 11.Bxc4 b5 12.Bd3 Bb7 13.e4 e5 14.Rhe1 a6 15.Kb1 c5
16.dxe5 Nxe5 17.Nd5 Bxd5 18.exd5 Qc7 19.Nxe5 Bxe5 20.Bg5 Qd6 21.Bxf6 Bxf6
22.Bxh7+ Kf8 23.Be4 c4 24.Bf3 g6 25.g3 a5 26.h4 a4 27.h5 a3 28.hxg6 Bxb2
29.gxf7 Rxe1 30.Rxe1 Qb4 31.Re8+ Rxe8 32.fxe8=Q+ Kxe8 33.Qg6+ Kf8 34.Qf5+ Bf6+
35.Kc2 Qb2+ 36.Kd1 Qa1+ 37.Ke2 Qxa2+ 38.Kf1 Qa1+ 39.Kg2 Qe5 40.Qc8+ Kg7 41.Qg4+ Kf7
42.Qd7+ Kg6 43.Qg4+ Bg5 44.Qc8 Be7 45.Qg4+ Kf7 46.d6 a2 47.dxe7 a1=Q 48.Qd7 Qxe7
49.Qxb5 Qd4 50.Qf5+ Kg7 51.Qc8 c3 52.Qf5 Qec5  0-1

[Event "Karpos Open 2013"]
[Site "Skopje MKD"]
[Date "2013.03.16"]
[Round "9.62"]
[White "Ivanov,StojanE"]
[Black "Zemlicka,V"]
[Result "1-0"]
[WhiteElo "2238"]
[BlackElo "2043"]

1.Nf3 Nf6 2.c4 e6 3.Nc3 d5 4.d4 c6 5.e3 Nbd7 6.Qc2 Bd6 7.Bd3 O-O 8.O-O dxc4
9.Bxc4 b5 10.Bd3 Bb7 11.e4 e5 12.dxe5 Nxe5 13.Nxe5 Bxe5 14.h3 a6 15.Be3 Bd4
16.Bxd4 Qxd4 17.Rad1 Qc5 18.b4 Qxb4 19.e5 Nd5 20.Bxh7+ Kh8 21.Nxd5 cxd5 22.Bd3 Rac8
23.Qe2 Qf4 24.Rfe1 d4 25.Qh5+ Qh6 26.Qg4 Bd5 27.Bf5 Rc4 28.Rxd4 Rxd4 29.Qxd4 Bxa2
30.Re4 Qc1+ 31.Kh2 g6 32.e6+ Kg8 33.e7 Re8 34.Rh4  1-0

[Event "Bundesliga 2012-13"]
[Site "Solingen GER"]
[Date "2013.03.16"]
[Round "11"]
[White "Fressinet,L"]
[Black "Ragger,M"]
[Result "1-0"]
[WhiteElo "2702"]
[BlackElo "2655"]

1.d4 d5 2.c4 c6 3.Nc3 Nf6 4.e3 e6 5.Nf3 Nbd7 6.Qc2 Bd6 7.Bd3 O-O 8.O-O dxc4
9.Bxc4 b5 10.Be2 Bb7 11.e4 e5 12.dxe5 Nxe5 13.Nd4 Neg4 14.g3 Bxg3 15.hxg3 Qxd4
16.Qd1 Qxd1 17.Rxd1 Rfe8 18.f3 Ne5 19.Be3 a6 20.Rd6 Rad8 21.Rad1 Rxd6 22.Rxd6 h5
23.b4 Re6 24.Rd1 Re8 25.Kf2 Ng6 26.Bd4 h4 27.gxh4 Nxh4 28.Bxf6 gxf6 29.Rd7 Ba8
30.Ra7 Ng6 31.Rxa6 f5 32.exf5 Nf4 33.Ra7 Kg7 34.Bf1 c5 35.bxc5 b4 36.Nb5 Bd5
37.Nd6 Re5 38.Ra4 Bc6 39.Rxb4 Nd5 40.Re4 Kf6 41.Bb5 Bxb5 42.Nxb5 Rxf5 43.Nd6 Re5
44.c6 Nc7 45.Rxe5 Kxe5 46.Nxf7+ Kd5 47.Nd8 Kd6 48.Ke3 Na6 49.Ke4 Kc7 50.Ne6+ Kxc6
51.f4 Kd6 52.f5 Nb4 53.a3 Nd5 54.Ng5 Kc5 55.Ke5 Ne3 56.Ne4+ Kc4 57.Nd2+ Kc3
58.f6  1-0

[Event "TCh-SWE Elite 2012-13"]
[Site "Sweden SWE"]
[Date "2013.03.16"]
[Round "8"]
[White "Malmstig,E"]
[Black "Gajic,Ml"]
[Result "1/2-1/2"]
[WhiteElo "2291"]
[BlackElo "2282"]

1.d4 d5 2.Nf3 Nf6 3.c4 c6 4.Nc3 e6 5.e3 Nbd7 6.a3 Bd6 7.b4 O-O 8.Be2 Qe7
9.Bb2 dxc4 10.Bxc4 e5 11.h3 e4 12.Nd2 Nb6 13.Bb3 Nbd5 14.Qc2 Re8 15.Na4 Bf5
16.Nc4 Bxb4+ 17.axb4 Nxb4 18.Qd2 Nd3+ 19.Kf1 b5 20.Ne5 bxa4 21.Bxf7+ Kh8
22.Bxe8 Rxe8 23.g4 Bc8 24.f4 Nd5 25.Ba3 Qh4 26.Kg2 c5 27.Bxc5 N3xf4+ 28.exf4 e3
29.Qb2 Nxf4+ 30.Kf3 Nxh3 31.Kxe3 Bxg4 32.Raf1 Qg3+ 33.Kd2 Nf2 34.Ng6+ Kg8
35.Ne7+ Kh8 36.Rxf2 Qxf2+ 37.Kc1 Qe3+ 38.Qd2 Rxe7 39.Bxe7 Qxe7 40.Qc2 h6
41.Qc3 Bf5 42.Re1 Qb7 43.Re5 Qh1+ 44.Kb2 Be4 45.d5 a3+ 46.Kxa3 Bxd5 47.Qd4 Qc1+
48.Kb4 Qb1+ 49.Kc5 Bg8 50.Kc6 Qg6+ 51.Kb7 Qf7+ 52.Kb8 a6 53.Rc5 Kh7 54.Rc7 Qg6
55.Ka7 a5 56.Rb7 Be6 57.Rb6 Qf7+ 58.Rb7 Qg6 59.Rb6 Qg4 60.Qe5 Bc4 61.Qxa5 Qd7+
62.Rb7 Qd4+ 63.Kb8 Qd6+ 64.Rc7 Bd3 65.Ka7 Qd4+ 66.Kb8 Qd8+ 67.Ka7 Qd4+ 68.Kb8  1/2-1/2

[Event "13th European Seniors"]
[Site "Plovdiv BUL"]
[Date "2013.03.17"]
[Round "7"]
[White "Iliushkin,E"]
[Black "Lederman,L"]
[Result "1/2-1/2"]
[WhiteElo "2304"]
[BlackElo "2243"]

1.d4 d5 2.c4 c6 3.e3 Nf6 4.Nc3 e6 5.Nf3 Nbd7 6.Qc2 a6 7.b3 b5 8.Be2 Bb7 9.O-O dxc4
10.bxc4 b4 11.Ne4 c5 12.Nxf6+ Nxf6 13.Qa4+ Qd7 14.Qxd7+ Nxd7 15.a3 Bd6 16.dxc5 Bxc5
17.Nd4 bxa3 18.Bxa3 Ke7 19.Nb3 Bxa3 20.Rxa3 Rhc8 21.Na5 Nc5 22.Nxb7 Nxb7
23.Bf3 Rc7 24.c5 Rac8 25.c6 Nd8 26.Rc1 Nxc6 27.Rac3 Kd6  1/2-1/2

[Event "13th European Seniors"]
[Site "Plovdiv BUL"]
[Date "2013.03.17"]
[Round "7"]
[White "Pushkov,N"]
[Black "Sveshnikov,E"]
[Result "1/2-1/2"]
[WhiteElo "2352"]
[BlackElo "2534"]

1.d4 d5 2.Nf3 Nf6 3.c4 e6 4.Nc3 c6 5.e3 Nbd7 6.Qc2 Bd6 7.Be2 O-O 8.O-O dxc4
9.Bxc4 b5 10.Be2 Bb7 11.Rd1 Qc7 12.e4 e5 13.g3 Rfe8 14.dxe5 Nxe5 15.Bg5 b4
16.Nxe5 Bxe5 17.Bxf6 Bxf6 18.Nb5 Qe7  1/2-1/2

[Event "29th Spring Festival"]
[Site "Budapest HUN"]
[Date "2013.03.19"]
[Round "2.12"]
[White "Horvath,Je"]
[Black "Dlauchy,P"]
[Result "1/2-1/2"]
[WhiteElo "2029"]
[BlackElo "1832"]

1.d4 d5 2.Nf3 Nf6 3.c4 e6 4.Nc3 c6 5.e3 Nbd7 6.Qc2 Be7 7.Bd3 dxc4 8.Bxc4 b5
9.Bd3 Bb7 10.e4 b4 11.Na4 c5 12.dxc5 Rc8 13.O-O Qa5 14.b3 Nxc5 15.Nxc5 Bxc5
16.Qe2 O-O 17.Bb2 Be7  1/2-1/2

[Event "3rd HD Bank Cup 2013"]
[Site "Ho Chi Minh City VIE"]
[Date "2013.03.19"]
[Round "2.20"]
[White "Le Tuan Minh"]
[Black "Nguyen Huynh Minh Huy"]
[Result "1-0"]
[WhiteElo "2218"]
[BlackElo "2460"]

1.d4 d5 2.c4 c6 3.Nc3 Nf6 4.e3 e6 5.Nf3 a6 6.Bd3 dxc4 7.Bxc4 c5 8.a4 Nc6
9.O-O cxd4 10.exd4 Be7 11.Re1 O-O 12.Bg5 Bd7 13.Qe2 Nb4 14.Ne5 Be8 15.Rad1 Nfd5
16.Bxe7 Nxe7 17.Qf3 Bc6 18.Qh5 Bd5 19.Bd3 g6 20.Qh6 Kh8 21.Qf4 Kg7 22.Re3 Ng8
23.Rh3 Qf6 24.Qe3 Nxd3 25.Rxd3 Rad8 26.Ng4 Qe7 27.Nh6 Rd7 28.Nxg8 Kxg8 29.Qh6 f6
30.Rdg3 Qg7 31.Qe3 Re8 32.Qd2 e5 33.Rh4 Red8 34.Qe1 Bb3 35.dxe5 fxe5 36.Qf1 Rd4
37.Rxd4 exd4 38.Ne4 Bd5 39.Nd2 Rc8 40.Rd3 Rc2 41.Qe1 Qc7 42.Qe8+ Kg7 43.Nf1 Bc6
44.Qe1 Bxa4 45.Qe4 Bb5 46.Qxd4+ Kg8 47.Rd1 Qc5 48.Qf6 Be8 49.Rd8 Re2 50.h3 Qe7
51.Qxe7 Rxe7 52.Ne3 Kf7 53.Kf1 Rd7 54.Rb8 Rc7 55.Ke1 Bc6 56.Kd2 Ke6 57.h4 Rd7+
58.Kc3 Rf7 59.f3 Ke5 60.Rd8 Kf4 61.Nf1 Bd7 62.Kd2 Bf5 63.Rd4+ Ke5 64.Ke3 b5
65.g4 Bc8 66.Nd2 Rd7 67.f4+ Ke6 68.b4 Bb7 69.f5+ gxf5 70.gxf5+ Ke7 71.f6+ Ke6
72.Rxd7 Kxd7 73.Nb3 Bc8 74.Nc5+ Kd6 75.Kf4 h6 76.Ke4 Bh3 77.Nxa6 Ke6 78.Nc7+ Kxf6
79.Nxb5 Ke6 80.Nd4+ Kd7 81.Ke5 Bf1 82.Nf5  1-0

[Event "3rd HD Bank Cup 2013"]
[Site "Ho Chi Minh City VIE"]
[Date "2013.03.20"]
[Round "3.41"]
[White "Mu Ke"]
[Black "Le,Minh Hoang"]
[Result "0-1"]
[WhiteElo "2274"]
[BlackElo "1834"]

1.c4 c6 2.Nf3 d5 3.e3 Nf6 4.Nc3 e6 5.d4 b6 6.Bd3 Bb7 7.O-O Nbd7 8.b3 Be7
9.Bb2 c5 10.cxd5 exd5 11.Qe2 O-O 12.Rfd1 Rc8 13.Ba6 Qc7 14.Bxb7 Qxb7 15.Ne5 cxd4
16.exd4 Rfe8 17.Qf3 Nf8 18.a3 Ne6 19.g3 b5 20.Qd3 a6 21.Ne2 Bd6 22.Nf3 Ne4
23.Nh4 N6g5 24.Kg2 Qd7 25.Ng1 Nh3 26.Rf1 Nf4+ 27.gxf4 Qg4+ 28.Kh1 Qxh4 29.Nh3 Bxf4
30.Qf3 Bd6 31.Qg2 g6 32.f3 Nd2 33.Qxd2 Qxh3 34.Rf2 Qh4 35.Raf1 Bf4 36.Qa5 Qh3
37.Re1 Bg3 38.Rxe8+ Rxe8 39.Qd2 Bxf2 40.Qxf2 Qf5 41.Bc3 Qd3 42.Bb4 Re2 43.Qg3 Qd1+
44.Qg1 Qxg1+ 45.Kxg1 Rb2  0-1

[Event "3rd HD Bank Cup 2013"]
[Site "Ho Chi Minh City VIE"]
[Date "2013.03.20"]
[Round "3.46"]
[White "Ton,T"]
[Black "Doan,T"]
[Result "1-0"]
[WhiteElo "2216"]
[BlackElo "1980"]

1.d4 d5 2.c4 c6 3.Nc3 Nf6 4.Nf3 e6 5.e3 Bd6 6.Bd3 O-O 7.O-O Nbd7 8.e4 dxe4
9.Nxe4 Nxe4 10.Bxe4 Nf6 11.Bc2 c5 12.Qd3 cxd4 13.Bg5 g6 14.Qxd4 Be7 15.Qh4 Re8
16.Rad1 Nd7 17.Ba4 f6 18.Be3 f5 19.Ng5 h5 20.Qg3 Bf6 21.Nf3 Kf7 22.Qd6 Nf8
23.Bxe8+ Qxe8 24.Bd4 Be7 25.Qe5 Qa4 26.Qg7+ Ke8 27.b3 Qa6 28.Ne5 Bd7 29.Qf7+ Kd8
30.Bc5  1-0

[Event "3rd HD Bank Cup 2013"]
[Site "Ho Chi Minh City VIE"]
[Date "2013.03.20"]
[Round "3.32"]
[White "Huynh Lam Binh Nguyen"]
[Black "Tran Quoc Dung"]
[Result "1-0"]
[WhiteElo "2021"]
[BlackElo "2309"]

1.d4 Nf6 2.Nf3 d5 3.c4 e6 4.Nc3 c6 5.e3 Nbd7 6.b3 Bb4 7.Bd2 O-O 8.Bd3 b6
9.O-O Qe7 10.Re1 Bb7 11.Ne5 dxc4 12.Nxd7 Qxd7 13.bxc4 c5 14.Ne2 Bxd2 15.Qxd2 Rfd8
16.Qb2 Ng4 17.h3 Qc6 18.Nf4 Ne5 19.dxe5 Rxd3 20.f3 Rd7 21.Nh5 Qc7 22.Rad1 Rad8
23.Rd6 Ba6 24.Qc3 f5 25.Red1 Rxd6 26.exd6 Qf7 27.g4 Bb7 28.e4 fxe4 29.f4 Bc6
30.Qe5 Rf8 31.Rf1 Qg6 32.Kf2 Qh6 33.Kg3 Qg6 34.Kf2 Qh6 35.Ke3 Rf7 36.Ke2 Bd7
37.Rg1 Qg6 38.Ke3 Bc6 39.Rg3 Rd7 40.Rg2 Rf7 41.Rf2 Qh6 42.Rg2 g6 43.Qxe6 Qf8
44.Ng3 Bd7 45.Qe5 Qh6 46.Nxe4 Qxh3+ 47.Kf2 Qh4+ 48.Rg3 Qh2+ 49.Ke3 Bc6 50.f5 Bxe4
51.Kxe4 Qe2+ 52.Kd5 Qd1+ 53.Ke6 Qa4 54.Qe4 Qe8+ 55.Kd5 Qa8+ 56.Ke5 Qe8+ 57.Kf4 Qf8
58.Rd3 Qh6+ 59.Ke5 Qg5 60.Qf4 Qf6+ 61.Ke4 Qd8 62.Qe5 Qh4 63.d7 Qh1+ 64.Ke3 Qe1+
65.Kf4 g5+ 66.Kxg5 Qxe5 67.d8=Q+ Kg7 68.Qd6 Qe8 69.f6+ Kg8 70.Qd8  1-0

[Event "3rd HD Bank Cup 2013"]
[Site "Ho Chi Minh City VIE"]
[Date "2013.03.20"]
[Round "3.36"]
[White "Yuan,Ye"]
[Black "Tran Ngoc Lan"]
[Result "0-1"]
[WhiteElo "2014"]
[BlackElo "2275"]

1.d4 d5 2.c4 c6 3.Nf3 Nf6 4.Nc3 e6 5.e3 Nbd7 6.Qc2 Bd6 7.Be2 dxc4 8.Bxc4 e5
9.O-O exd4 10.exd4 O-O 11.Bg5 h6 12.Bh4 Qa5 13.Ne4 Nxe4 14.Qxe4 Nb6 15.Bd3 f5
16.Qe2 Bd7 17.Ne5 Bxe5 18.dxe5 g5 19.Bc4+ Nxc4 20.Qxc4+ Qd5 21.Qc3 gxh4 22.Rad1 Qf7
23.Qd2 Be8 24.Qxh6 Qh5 25.Qd6 h3 26.Rd3 f4 27.Rxh3 Qg5 28.e6 Bg6 29.e7 Rf7
30.Rb3 f3 31.g3 Re8 32.Rxb7 Qf5 33.Kh1 Qd3 34.Qxd3 Bxd3 35.Re1 Be2 36.Rxa7 Rfxe7
37.Rxe7 Rxe7 38.h4 Rb7 39.b3 Rd7 40.Ra1 Rd2 41.Kg1 Rb2 42.Kh2 Bd3 43.g4 Bb1
44.Kg3 Bxa2 45.Kxf3 Bxb3 46.h5 Bd5+ 47.Kg3 Rb3+ 48.Kh4 Rf3 49.h6 Rxf2 50.Kg5 Rf7
51.Ra8+ Kh7 52.Rc8 Re7 53.Kh5 Re5+ 54.g5 Bf3+ 55.Kh4 Re7 56.Rf8 Be4 57.Rc8 Bd5
58.Kh5 Bf7+ 59.Kh4 Be8 60.Kg3 Bd7 61.Rc7 Kg6 62.Kh4 Re4+ 63.Kg3 Rd4 64.Kf3 Rd5
65.Kf4 Rf5+ 66.Ke4 Rf7 67.Ke5 Kxg5 68.Kd6 Kxh6 69.Ra7 Kg7 70.Ra1 Be8 71.Rg1+ Kf8
72.Rh1 Rf6+ 73.Ke5 Ke7 74.Rh8 Re6+ 75.Kd4 Kd6  0-1

[Event "3rd HD Bank Cup 2013"]
[Site "Ho Chi Minh City VIE"]
[Date "2013.03.21"]
[Round "4.35"]
[White "Pitra,Andika"]
[Black "Li Xueyi"]
[Result "0-1"]
[WhiteElo "2328"]
[BlackElo "2135"]

1.d4 d5 2.c4 e6 3.Nc3 c6 4.Nf3 Nf6 5.e3 Nbd7 6.Qc2 Bd6 7.g4 h6 8.Bd2 Qe7
9.Rg1 dxc4 10.Bxc4 b5 11.Bd3 Bb7 12.e4 b4 13.Na4 c5 14.dxc5 Bxc5 15.Nxc5 Nxc5
16.Bb5+ Kf8 17.Bxb4 Rc8 18.Nd2 Nfxe4 19.Rc1 Kg8 20.Nxe4 Nd3+ 21.Qxd3 Rxc1+
22.Ke2 Qxb4 23.Rxc1 Bxe4 24.Qb3 Qxb3 25.axb3 Kh7 26.Rc7 Rb8 27.Bc4 Rb7 28.Rxb7 Bxb7
29.Ke3 g5 30.f4 Kg6 31.Bd3+ Kf6 32.Bc4 gxf4+ 33.Kxf4 e5+ 34.Kg3 Ke7 35.Kh4 f6
36.Kh5 Bf3 37.Kxh6 Bxg4 38.h4 e4 39.h5 e3 40.Kg6 e2 41.Bxe2 Bxe2 42.h6 Bd3+
43.Kg7 a5 44.Kg8 Ke6 45.Kg7 Bc2 46.Kf8 Bg6 47.Kg8 Kf5 48.Kf8 Kg5  0-1

[Event "3rd HD Bank Cup 2013"]
[Site "Ho Chi Minh City VIE"]
[Date "2013.03.21"]
[Round "5.51"]
[White "Tran Le Dan Thuy"]
[Black "Tran,Thi Mong Thu"]
[Result "1-0"]
[WhiteElo "1895"]
[BlackElo "1841"]

1.d4 d5 2.c4 e6 3.Nc3 Nf6 4.Nf3 c6 5.e3 Be7 6.Bd3 O-O 7.O-O Nbd7 8.b3 dxc4
9.bxc4 Re8 10.Bb2 b6 11.Qc2 Bb7 12.Rad1 Rc8 13.e4 c5 14.e5 Bxf3 15.gxf3 cxd4
16.exf6 dxc3 17.fxe7 Qxe7 18.Bxc3 Nf6 19.Kh1 b5 20.Rg1 bxc4 21.Bxh7+ Kh8
22.Be4 Nxe4 23.Bxg7+  1-0

[Event "3rd HD Bank Cup 2013"]
[Site "Ho Chi Minh City VIE"]
[Date "2013.03.21"]
[Round "5.15"]
[White "Dao Thien Hai"]
[Black "Hoang Canh Huan"]
[Result "1/2-1/2"]
[WhiteElo "2521"]
[BlackElo "2371"]

1.d4 d5 2.c4 c6 3.Nf3 Nf6 4.Nc3 e6 5.e3 Nbd7 6.Qc2 dxc4 7.Bxc4 b5 8.Bd3 Bb7
9.e4 b4 10.Na4 c5 11.dxc5 Rc8 12.Be3 Qa5 13.O-O Bc6 14.b3 Bxa4 15.bxa4 Bxc5
16.Bg5 O-O 17.Rac1 h6 18.Bh4 g5 19.Bg3 g4 20.Ne5 Nxe5 21.Bxe5 Bd6 22.Bxd6 Rxc2
23.Rxc2 Qxa4 24.Bxf8 Kxf8 25.Re2 Qd7 26.Rd1 Qd4 27.Bc2 Qc4 28.Bd3 Qc3 29.Rc2 Qe5
30.Rc8+ Kg7 31.Bb1 h5 32.Rdc1 h4 33.R8c5 Qb2 34.R5c2 Qa3 35.e5 Nd7 36.Re1 Qa5
37.Rce2 Nc5 38.Re3 Kf8 39.Rc1 Nd7 40.Rce1 Qc5 41.Kf1 Qc4+ 42.Kg1 Qc5 43.Kf1 a5
44.Re4 h3 45.Bd3 hxg2+ 46.Kxg2 Qc3 47.R1e3 Qa1 48.Bb5 Nb6 49.Rxg4 Qxa2 50.Rd3 Nd5
51.Rh4 f6 52.exf6 Kf7 53.Rf3 Ne3+ 54.Rxe3 Qd5+ 55.Rf3 Qg5+ 56.Kh3 Qxb5 57.Rh7+ Kf8
58.f7 Qe5 59.Rh4 b3 60.Rxb3 Kxf7 61.Re3 Qb5 62.Rf4+ Ke7 63.Rfe4 Qf5+ 64.Kg2 Qg5+
65.Kf1 Qb5+ 66.Re2 Qb1+ 67.Kg2 Qb3 68.R2e3 Qd5 69.f3 a4 70.Kg3 a3 71.Ra4 a2
72.Rea3 Qg5+  1/2-1/2

[Event "TCh-CZE Extraliga 2012-13"]
[Site "Czech Republic CZE"]
[Date "2013.03.23"]
[Round "7.3"]
[White "Jaracz,P"]
[Black "Duda,J"]
[Result "1/2-1/2"]
[WhiteElo "2548"]
[BlackElo "2456"]

1.Nf3 Nf6 2.c4 e6 3.d4 d5 4.Nc3 c6 5.e3 Nbd7 6.Qc2 Bd6 7.b3 O-O 8.Be2 b6
9.O-O Bb7 10.Bb2 Qe7 11.Rad1 Rad8 12.Rfe1 Rfe8 13.h3 h6 14.Bf1 c5 15.cxd5 exd5
16.Bb5 Qe6 17.Qe2 Re7 18.Ba6 Ba8 19.Bd3 Ne4 20.dxc5 bxc5 21.Bxe4 dxe4 22.Nd2 Nb6
23.Nb5 Bb8 24.Nc4 Red7 25.Rxd7 Qxd7 26.Nc3 Qf5 27.Rd1 Rd3 28.Rxd3 exd3 29.Qg4 Qxg4
30.hxg4 Nxc4 31.bxc4 Bc7 32.Kf1 Ba5 33.f3 Bb7 34.Nb5 Bc6 35.Nc3 Bd7 36.e4 f6
37.Kf2 Bxc3 38.Bxc3 Be6 39.Ke3 Bxc4 40.a4 Kf7 41.e5 fxe5 42.Bxe5 Bb3 43.Kxd3 Bxa4
44.Kc4 Bd1 45.Kxc5 Be2 46.Kd4 Bf1 47.g3 a5 48.Ke3 a4 49.Bb2 Bb5 50.Ba3 Ke6
51.Bf8 g6 52.Bxh6 a3 53.Bg7 Kd5 54.Kf4  1/2-1/2

[Event "3rd HD Bank Cup 2013"]
[Site "Ho Chi Minh City VIE"]
[Date "2013.03.23"]
[Round "7.38"]
[White "Ton,T"]
[Black "Bui,Trong Hao"]
[Result "1/2-1/2"]
[WhiteElo "2216"]
[BlackElo "2108"]

1.d4 d5 2.c4 c6 3.Nc3 Nf6 4.e3 e6 5.Nf3 Nbd7 6.Bd3 dxc4 7.Bxc4 b5 8.Bd3 a6
9.e4 Bb7 10.O-O c5 11.Re1 cxd4 12.Nxd4 Bc5 13.Nb3 Qc7 14.a3 Rd8 15.Qe2 Bd6
16.h3 O-O 17.Bg5 Ne5 18.Bc2 Ng6 19.g3 h6 20.Bd2 Ne5 21.Rad1 Nc4 22.Bc1 e5
23.Nb1 Bc8 24.Kg2 Be7 25.Rh1 Rxd1 26.Rxd1 Rd8 27.Rxd8+ Qxd8 28.Bd3 Be6 29.g4 Nxa3
30.N1d2 Nc4 31.Nxc4 bxc4 32.Bxc4 Qc8 33.Nd2 Qc6 34.Bxe6 Qxc1 35.Bc4 Qxb2
36.Bxa6 Bb4 37.Nf3 Qxe2 38.Bxe2 Bc3 39.Bd3 Nd7 40.Bc4 Nc5 41.Bd5 Nd3 42.Bc4 Nf4+
43.Kg3 Kf8  1/2-1/2

[Event "3rd HD Bank Cup 2013"]
[Site "Ho Chi Minh City VIE"]
[Date "2013.03.23"]
[Round "8.40"]
[White "Ivana Maria,F"]
[Black "Nguyen Thi Thanh An"]
[Result "1/2-1/2"]
[WhiteElo "2065"]
[BlackElo "2304"]

1.d4 Nf6 2.c4 c6 3.Nf3 d5 4.Nc3 e6 5.e3 Nbd7 6.Bd3 dxc4 7.Bxc4 b5 8.Bd3 a6
9.a4 Bb7 10.O-O b4 11.Ne4 c5 12.Nxf6+ Nxf6 13.dxc5 Bxc5 14.Qe2 O-O 15.e4 e5
16.Bg5 Re8 17.Rac1 Be7 18.Nxe5 Nxe4 19.Bxe4 Bxe4 20.Bxe7 Qxe7 21.Qxe4 Qxe5
22.Qxb4 Re6 23.Qc3 Rf6 24.b3 h6 25.g3 Qf5 26.b4 Qg4 27.f4 Rb6 28.Rfd1 Re8
29.Re1 Reb8 30.Re4  1/2-1/2

[Event "3rd HD Bank Cup 2013"]
[Site "Ho Chi Minh City VIE"]
[Date "2013.03.23"]
[Round "8.32"]
[White "Bao Khoa"]
[Black "Li Xueyi"]
[Result "1-0"]
[WhiteElo "2282"]
[BlackElo "2135"]

1.d4 d5 2.Nf3 Nf6 3.c4 c6 4.Nc3 e6 5.e3 Nbd7 6.Bd3 Bd6 7.O-O O-O 8.e4 dxc4
9.Bxc4 e5 10.Bg5 Qe7 11.d5 Nb6 12.Bb3 Bg4 13.Qd3 Rad8 14.Nd2 h6 15.Bh4 Bb8
16.f3 Bh5 17.Rfd1 cxd5 18.exd5 Qc5+ 19.Bf2 Qa5 20.Nde4 Nxe4 21.Nxe4 Nd7 22.Rac1 Rc8
23.d6 Bg6 24.Qd5 Qxd5 25.Bxd5 Rxc1 26.Rxc1 Bxe4 27.Bxe4 b6 28.Bf5 Nc5 29.d7 Bd6
30.b4 Nb7 31.Be4 Nd8 32.b5 Ne6 33.Rc8 Be7 34.Bg3 Bf6 35.Re8 g6 36.Bd5 Nc7
37.Bc6 Ne6 38.Kf1  1-0

[Event "TCh-BEL 2012-13"]
[Site "Buellingen BEL"]
[Date "2013.03.24"]
[Round "11.8"]
[White "Winants,L"]
[Black "Tan,Mat"]
[Result "1/2-1/2"]
[WhiteElo "2543"]
[BlackElo "2428"]

1.d4 d5 2.c4 c6 3.Nc3 Nf6 4.e3 e6 5.Nf3 Nbd7 6.Qc2 Bd6 7.e4 Nxe4 8.Nxe4 dxe4
9.Qxe4 e5 10.c5 Be7 11.dxe5 Nxc5 12.Qc2 Bg4 13.Be3 Bxf3 14.gxf3 Ne6 15.Qc3 Bg5
16.Rd1 Qe7 17.Bc4 Bxe3 18.fxe3 Qh4+ 19.Kd2 O-O-O+ 20.Kc1 Rxd1+ 21.Rxd1 Rd8
22.Bxe6+ fxe6 23.Rxd8+ Qxd8 24.Qc5 Qd5 25.Qf8+ Kc7 26.Qxg7+ Kb6 27.Qxh7 Qxf3
28.Qd3 Qh1+ 29.Qd1 Qxh2 30.Qd4+ Kb5 31.a4+ Ka6 32.Qc4+ Kb6 33.Qb3+ Ka5 34.Qxb7 Qg1+
35.Kd2 Qf2+ 36.Kd3 Qf1+ 37.Kd2 Qf2+ 38.Kd3 Qf1+  1/2-1/2

[Event "TCh-BEL 2012-13"]
[Site "Buellingen BEL"]
[Date "2013.03.24"]
[Round "11.7"]
[White "De Herdt,Y"]
[Black "Van Herck,M"]
[Result "1-0"]
[WhiteElo "2070"]
[BlackElo "2107"]

1.Nf3 d5 2.c4 c6 3.e3 Nf6 4.Nc3 e6 5.d4 Nbd7 6.Bd3 dxc4 7.Bxc4 b5 8.Bd3 a6
9.a4 Bb7 10.Ne4 Qb6 11.Nxf6+ Nxf6 12.Qe2 Bb4+ 13.Bd2 bxa4 14.Bxb4 Qxb4+ 15.Qd2 a5
16.O-O O-O 17.Rfc1 Ba6 18.Bc2 Bb5 19.Qd1 Rfc8 20.Bxa4 c5 21.dxc5 Rxc5 22.Rxc5 Qxc5
23.Nd4 Bxa4 24.Qxa4 h6 25.b4 Qc3 26.bxa5 Rc8 27.a6 Nd5 28.h3 Nxe3 29.fxe3 Qxe3+
30.Kh2 Qf4+ 31.Kh1 Rc1+ 32.Rxc1 Qxc1+ 33.Kh2 Qf4+ 34.Kg1 Qc1+ 35.Kh2 Qf4+
36.Kg1 Qc1+ 37.Kf2 Qf4+ 38.Ke1 Qe4+ 39.Kd1 Qd3+ 40.Kc1 Qf1+ 41.Kb2  1-0

[Event "TCh-CZE Extraliga 2012-13"]
[Site "Czech Republic CZE"]
[Date "2013.03.24"]
[Round "8.5"]
[White "Caletka,R"]
[Black "Jirovsky,M"]
[Result "1/2-1/2"]
[WhiteElo "2324"]
[BlackElo "2453"]

1.d4 d5 2.c4 c6 3.Nc3 Nf6 4.e3 e6 5.Nf3 Nbd7 6.b3 b6 7.Bb2 Bb7 8.Bd3 Bd6
9.O-O O-O 10.Qc2 Qe7 11.Rad1 Rad8 12.Rfe1 Rfe8 13.e4 dxe4 14.Nxe4 Nxe4 15.Bxe4 Nf6
16.Bd3 h6 17.Qe2 Ba3 18.Ba1 Bb4  1/2-1/2

[Event "TCh-CZE Extraliga 2012-13"]
[Site "Czech Republic CZE"]
[Date "2013.03.24"]
[Round "8.2"]
[White "Wojtaszek,R"]
[Black "Krejci,Jan2"]
[Result "1-0"]
[WhiteElo "2734"]
[BlackElo "2529"]

1.d4 d5 2.c4 c6 3.Nf3 Nf6 4.Nc3 e6 5.e3 Nbd7 6.Qc2 Bd6 7.Bd3 O-O 8.O-O dxc4
9.Bxc4 b5 10.Be2 Bb7 11.e4 e5 12.dxe5 Nxe5 13.Nd4 Neg4 14.g3 Bxg3 15.hxg3 Qxd4
16.Qd1 Qxd1 17.Rxd1 Rfd8 18.f3 Rxd1+ 19.Nxd1 Ne5 20.Be3 Rd8 21.Nf2 a6 22.Rc1 h6
23.b3 g5 24.f4 Ned7 25.Bd3 gxf4 26.gxf4 c5 27.e5 Nd5 28.Bd2 Nf8 29.Kh2 Ne6
30.f5 Nd4 31.Be4 Ba8 32.Rg1+ Kf8 33.Bxh6+ Ke7 34.Bg5+ f6 35.exf6+ Nxf6 36.Ng4 Bxe4
37.Bxf6+ Ke8 38.Ne5 Bxf5 39.Rg8+  1-0

[Event "Norwegian Open 2013"]
[Site "Fagernes NOR"]
[Date "2013.03.24"]
[Round "2"]
[White "Getz,N"]
[Black "Agdestein,S"]
[Result "0-1"]
[WhiteElo "2352"]
[BlackElo "2555"]

1.d4 Nf6 2.c4 e6 3.Nc3 d5 4.Nf3 c6 5.e3 Nbd7 6.Qc2 Bd6 7.Bd2 O-O 8.cxd5 exd5
9.Bd3 Re8 10.O-O Qe7 11.Rae1 Ne4 12.Bc1 Ndf6 13.h3 Bd7 14.Nd2 Rac8 15.a3 Bb8
16.Ndxe4 dxe4 17.Bc4 b5 18.Ba2 c5 19.dxc5 Qe5 20.f4 exf3 21.Rxf3 Qh2+ 22.Kf2 Rxc5
23.Rd1 Bc6 24.e4 Nxe4+ 25.Qxe4 Bxe4 26.Nxe4 Rc2+ 27.Ke3 Rxe4+ 28.Kd3 Rcc4  0-1